000 00256pam a2200121 a 4500
020 _c
041 _aeng
100 _aToad,R.T.
245 _aThe Student Manual
_hTextual Documents
260 _a[s.l]:
_bGeorge Routedge
300 _a283p.
930 _a15287
999 _c92187
_d92187